=LDR 00000nam 2200000 4500 =001 INLIS000000000051612 =005 20171003104803 =035 ##$$a 0010-1017000051 =007 ta =008 171003###########################0###### =020 ##$$a 978-602-6466-65-5 =082 ##$$a 629.226 =084 ##$$a 629.226 DIC p =100 #$$a Dicky Kusuma Effendi =245 1#$$a Pekerjaan Dasar Teknik Otomatif /$c Dicky Kusuma Effendi =260 ##$$a Yogyakarta :$b Indopublika,$c 2017 =300 ##$$a vi, 146 hlm : $b ilus. ; $c 21 cm =500 ##$$a Biografi :hlm 146 =650 ##$$a Otomotif -Teknik =504 ##$$a Bibliografi : Hlm. 144-145 =990 ##$$a 1219512195 =990 ##$$a 1219512195 =990 ##$$a 1219512195 =990 ##$$a 1219512195 =990 ##$$a 1219512195 =990 ##$$a 21703726 =990 ##$$a 01201712195 =990 ##$$a 01201712196 =990 ##$$a 01201712197 =990 ##$$a 01201712198 =990 ##$$a 21703727 =990 ##$$a 01201712195 =990 ##$$a 01201712196 =990 ##$$a 01201712197 =990 ##$$a 21703726 =990 ##$$a 21703728 =990 ##$$a 01201712195 =990 ##$$a 01201712196 =990 ##$$a 21703727 =990 ##$$a 21703726 =990 ##$$a 21703729 =990 ##$$a 01201712195 =990 ##$$a 21703728 =990 ##$$a 21703727 =990 ##$$a 21703726 =990 ##$$a 21703730 =990 ##$$a 21703729 =990 ##$$a 21703728 =990 ##$$a 21703727 =990 ##$$a 21703726